Hodnotenie rizík verejných investičných projektov financovaných zo zdrojov finančnej pomoci Európskej únie

Úloha analýzy nákladov a prínosov pri financovaní verejných investícií. Analýza a hodnotenie rizík verejného investičného projektu.

Enregistré dans:
Détails bibliographiques
Auteur principal: Čiernik, Anton
Format: Chapitre de livre
Langue:slovaque
Sujets:
Tags: Ajouter un tag
Pas de tags, Soyez le premier à ajouter un tag!

MARC

LEADER 00000naa$a2200000$$$4500
001 0098873
005 20240711091207.3
041 0 |a slo 
044 |a SK 
245 1 0 |a Hodnotenie rizík verejných investičných projektov financovaných zo zdrojov finančnej pomoci Európskej únie  |c Anton Čiernik 
520 |a Úloha analýzy nákladov a prínosov pri financovaní verejných investícií. Analýza a hodnotenie rizík verejného investičného projektu. 
610 2 0 |a financie verejné 
610 2 0 |a investície finančné 
610 2 0 |a projekty 
610 2 0 |a riziko finančné 
610 2 0 |a výkonnosť 
610 2 0 |a analýzy 
100 1 |a Čiernik, Anton